Wirtschaftliche Mitbestimmung und Unternehmerfunktion /

Main Author: Schwartz, Günter
Corporate Author: Universität Frankfurt am Main
Language: German
Published: Frankfurt a.M. : G. Schwartz, 1956
Physical Description: 124 s.
Book
Saved in:
LEADER 00710nam a22002172a 4500
001 001411609
003 CZ BrMZK
005 20141212105206.0
007 ta
008 140814s1956 xx er|||||||||||ger d
040 |a BOA001  |b cze 
100 1 |a Schwartz, Günter  |4 dis 
245 1 0 |a Wirtschaftliche Mitbestimmung und Unternehmerfunktion /  |c Günter Schwartz 
260 |a Frankfurt a.M. :  |b G. Schwartz,  |c 1956 
300 |a 124 s. 
502 |a Disertace--Universität Frankfurt am Main, 1956 
710 2 |a Universität Frankfurt am Main  |7 kn20010710027 
910 |a BOA001  |b 2-0413.508 
990 |a BK 
991 |b 201408 
996 7 |b 2619122782  |c 2-0413.508  |l MZK  |r Sklad / do 24 hodin  |n 0  |w 001446802  |u 000010  |a 1  |e BOA001  |j MZK50  |s A